Sistemas de información para la gestión empresaria (Registro nro. 2398)
[ vista simple ]
| 000 -LEADER | |
|---|---|
| fixed length control field | 02322 a2200229 4500 |
| 001 - CONTROL NUMBER | |
| control field | 33866 |
| 005 - DATE AND TIME OF LATEST TRANSACTION | |
| control field | 20260407155629.0 |
| 008 - FIXED-LENGTH DATA ELEMENTS--GENERAL INFORMATION | |
| fixed length control field | 260407a2001 arg spa d |
| 003 - CONTROL NUMBER IDENTIFIER | |
| control field | AR-UNSa-BCEJYS |
| 040 ## - CATALOGING SOURCE | |
| Original cataloging agency | AR-UNSa-BCEJYS |
| Language of cataloging | spa |
| Transcribing agency | AR-UNSa-BCEJYS |
| 080 ## - UNIVERSAL DECIMAL CLASSIFICATION NUMBER | |
| Universal Decimal Classification number | 658.011.56 |
| Common auxiliary subdivision | Automatización |
| 020 ## - INTERNATIONAL STANDARD BOOK NUMBER | |
| International Standard Book Number | 978-987-9460-51-1 |
| 041 ## - LANGUAGE CODE | |
| Language code of text/sound track or separate title | spa |
| 100 1# - MAIN ENTRY--PERSONAL NAME | |
| Personal name | Lardent, Alberto R. |
| 245 10 - TITLE STATEMENT | |
| Title | Sistemas de información para la gestión empresaria |
| Name of part/section of a work | procedimientos, seguridad y auditoría |
| 264 #1 - PRODUCTION, PUBLICATION, DISTRIBUTION, MANUFACTURE, AND COPYRIGHT NOTICE | |
| Place of production, publication, distribution, manufacture | Buenos Aires : |
| Name of producer, publisher, distributor, manufacturer | Pearson Educación |
| Date of production, publication, distribution, manufacture, or copyright notice | 2001 |
| 300 ## - PHYSICAL DESCRIPTION | |
| Extent | xv, 444 p. |
| Dimensions | 26 cm. |
| 505 ## - FORMATTED CONTENTS NOTE | |
| Formatted contents note | I: 1. Metodología de exposición de procedimientos - 2. Estudio de procedimientos: Compras mayores y recepción - 3. Principios y técnicas de control: Compras mayores y recepción - 4. Estudio de procedimientos: cuentas a pagar - 5. Principios y técnicas de control: cuentas a pagar - 6. Estudio de procedimientos: Comercialización - 7. Estudio de procedimientos: Ventas a créditos - 8. Principios y técnicas de control: Ventas a crédito - 9. Estudio de procedimientos: Pedidos de clientes - 10. Estudio de procedimientos: Facturación a clientes - 11. Estudio de procedimientos: Cuentas a cobrar - 12. Estudio de procedimientos: Cobranzas - 13. Estudio de procedimientos: Cobranzas en punto de venta - 14. Principios y técnicas de control: Cuetnas a cobrar y cobranzas - 15. Estudio de procedimientos: Remuneraciones - 17. Estudio de procedimientos: Administración de inventario de productos terminados - 18. Estudio de procedimientos: Bienes de Uso - II: Seguridad y auditoría informática : 19. Seguridad informática - 20. Auditoría de sistemas de información - 21. Auditoría de organización y administración del ambiente informático - 22. Controles de accesos lógicos y físicos - 23. Seguridad en los sistemas de base de datos - 24. Seguridad de redes y sistemas distribuidos - 25. Auditoría del desarrollo de sistemas - 26. Auditoría de sistemas de aplicación instalados - 27. Técnicas de auditoría y evaluación - 28. Técnicas de auditoría asistidas por computadoras - 29. Recuperación de desastres. Continuidad de operaciones. |
| 590 ## - LOCAL NOTE (RLIN) | |
| Local note | niveau_biblio:m niveau_hierar:0 |
| 856 41 - ELECTRONIC LOCATION AND ACCESS | |
| Uniform Resource Identifier | <a href="https://www.biblioeco.unsa.edu.ar/pmb/images/libros/L87022.jpg">https://www.biblioeco.unsa.edu.ar/pmb/images/libros/L87022.jpg</a> |
| Link text | Imagen de portada |
| Electronic format type | image/jpeg |
| 942 ## - ADDED ENTRY ELEMENTS (KOHA) | |
| Koha item type | |
| Withdrawn status | Lost status | Damaged status | Not for loan | Home library | Current library | Shelving location | Date acquired | Total checkouts | Full call number | Barcode | Date last seen | Price effective from | Koha item type |
|---|---|---|---|---|---|---|---|---|---|---|---|---|---|
| Biblioteca Prof. Eusebio Cleto del Rey | Biblioteca Prof. Eusebio Cleto del Rey | 07/04/2026 | 658.011.56 L321p | L86548 | 07/04/2026 | 07/04/2026 | Libro | ||||||
| Biblioteca Prof. Eusebio Cleto del Rey | Biblioteca Prof. Eusebio Cleto del Rey | 07/04/2026 | 658.011.56 L321p | L87020 | 07/04/2026 | 07/04/2026 | Libro | ||||||
| Biblioteca Prof. Eusebio Cleto del Rey | Biblioteca Prof. Eusebio Cleto del Rey | 07/04/2026 | 658.011.56 L321p | L87022 | 07/04/2026 | 07/04/2026 | Libro | ||||||
| Biblioteca Prof. Eusebio Cleto del Rey | Biblioteca Prof. Eusebio Cleto del Rey | 07/04/2026 | 658.011.56 L321p | L86549 | 07/04/2026 | 07/04/2026 | Libro | ||||||
| Biblioteca Prof. Eusebio Cleto del Rey | Biblioteca Prof. Eusebio Cleto del Rey | 07/04/2026 | 658.011.56 L321p | L86550 | 07/04/2026 | 07/04/2026 | Libro |